LIPPINCOTT'S ILLUSTRATED REVIEWS PHYSIOLOGY (Record no. 6719)
[ view plain ]
| 000 -LEADER | |
|---|---|
| fixed length control field | 00370nam a2200145Ia 4500 |
| 008 - FIXED-LENGTH DATA ELEMENTS--GENERAL INFORMATION | |
| fixed length control field | 150301s2013 xx 000 0 und d |
| 082 ## - DEWEY DECIMAL CLASSIFICATION NUMBER | |
| Classification number | 612 |
| Item number | L13P |
| 100 ## - MAIN ENTRY--PERSONAL NAME | |
| Personal name | PRESTON, ROBIN R. |
| 245 ## - TITLE STATEMENT | |
| Title | LIPPINCOTT'S ILLUSTRATED REVIEWS PHYSIOLOGY |
| 250 ## - EDITION STATEMENT | |
| Edition statement | 1ST |
| 260 ## - PUBLICATION, DISTRIBUTION, ETC. (IMPRINT) | |
| Name of publisher, distributor, etc. | WOLTERS KLUWER |
| Place of publication, distribution, etc. | INDIA |
| Date of publication, distribution, etc. | 2013 |
| 300 ## - PHYSICAL DESCRIPTION | |
| Extent | 518 |
| 650 ## - SUBJECT ADDED ENTRY--TOPICAL TERM | |
| Topical term or geographic name as entry element | HUMAN PHYSIOLOGY |
| 942 ## - ADDED ENTRY ELEMENTS (KOHA) | |
| Source of classification or shelving scheme | Dewey Decimal Classification |
| Koha item type | Books |
| Koha issues (borrowed), all copies | 7 |
| Withdrawn status | Lost status | Source of classification or shelving scheme | Damaged status | Not for loan | Collection code | Home library | Current library | Shelving location | Date acquired | Source of acquisition | Cost, normal purchase price | SGTU | Bill Number | Total Checkouts | Full call number | Barcode | Date last seen | Bill Date | Koha item type | Date last checked out | Checked out |
|---|---|---|---|---|---|---|---|---|---|---|---|---|---|---|---|---|---|---|---|---|---|
| Dewey Decimal Classification | MEDICAL | SGT Medical Library | SGT Medical Library | Text Book | 02/07/2015 | ABC DELHI | 1150.00 | SGTU | 4996 | 612 L13P | FM7111 | 02/07/2015 | 06/11/2014 | Books | |||||||
| Dewey Decimal Classification | MEDICAL | SGT Medical Library | SGT Medical Library | Text Book | 02/07/2015 | ABC DELHI | 1150.00 | SGTU | 4996 | 5 | 612 L13P | FM7112 | 03/11/2025 | 06/11/2014 | Books | 22/10/2025 | |||||
| Dewey Decimal Classification | MEDICAL | SGT Medical Library | SGT Medical Library | Text Book | 02/07/2015 | ABC DELHI | 1150.00 | SGTU | 4996 | 1 | 612 L13P | FM7113 | 09/02/2023 | 06/11/2014 | Books | 09/02/2023 | |||||
| Dewey Decimal Classification | MEDICAL | SGT Medical Library | SGT Medical Library | Text Book | 02/07/2015 | ABC DELHI | 1150.00 | SGTU | 4996 | 8 | 612 L13P | FM7114 | 03/12/2025 | 06/11/2014 | Books | 21/11/2025 | |||||
| Dewey Decimal Classification | MEDICAL | SGT Medical Library | SGT Medical Library | Text Book | 02/07/2015 | ABC DELHI | 1150.00 | SGTU | 4996 | 2 | 612 L13P | FM7115 | 19/11/2025 | 06/11/2014 | Books | 19/11/2025 | 03/12/2025 |